Návrh montáže linky pre značenie a skladovanie obrobkov

Saved in:
Bibliographic Details
Main Author: Krištof, Frederik (Author)
Other Authors: Václav, Štefan (Thesis advisor)
Format: Manuscript Book
Language:Slovak
Published: 2023
Subjects:
Online Access:http://is.stuba.sk/zp/portal_zp.pl?podrobnosti=170401
Tags: Add Tag
No Tags, Be the first to tag this record!

MARC

LEADER 00000ntm a22000003a 4500
001 stuzp93524
003 SK-STU
005 20230909215315.8
007 ta
008 150427s2015----xo-----f-mn---000-0-slo-d
040 |a STU  |b slo 
041 0 |a slo 
100 1 |a Krištof, Frederik  |u 063000  |4 aut  |U MTF Materiálovotechnologická fakulta  |T MTF Ústav výrobných technológií  |X 96783  |U M3000  |Y 83  |7 96783 
242 0 1 |a Assembling lines for marking and storage of workpieces  |y eng 
245 1 0 |a Návrh montáže linky pre značenie a skladovanie obrobkov 
260 |c 2023 
650 4 |a Montáž  |2 slo 
650 4 |a Návrh  |2 slo 
650 4 |a Automatizácia  |2 slo 
650 4 |a Assembly  |2 eng 
650 4 |a Design  |2 eng 
650 4 |a Automatisation  |2 eng 
700 1 |a Václav, Štefan  |u 063600  |k Z1  |4 ths  |U MTF Ústav výrobných technológií  |T MTF Katedra obrábania a tvárnenia  |X 2778  |U M3600  |Y 841  |7 A000002778 
856 4 |u http://is.stuba.sk/zp/portal_zp.pl?podrobnosti=170401 
996 |c M* DP-15162  |l MMSKP  |s P  |a 0  |w stuzp93524_0001